แสดงรายละเอียดบรรณานุกรม
  กลับหน้าหลัก

Brief Record : Get Marc (ISO 2709) : E-mail record : QR code ปิดหน้าต่าง
E-books : เกี่ยวกับ Collections
LEADER 00000nam 2200000uu 4500
001    213135
003     ULIBM
008    020711s2563 th a 000 0 tha d
020    9789744229250
041    ^atha
060  4 WT 100 ธ468ก 2563
100    ธัญพร ชื่นกลิ่น
245    การประเมินผลการดูแลสุขภาพระยะกลางของผู้สูงอายุในประเทศไทยตามนโยบายของกระทรวงสาธารณสุข=^bThe evaluation of intermediate care for the elderly in thailand according to the ministry of public health s policy/^cธัญพร ชื่นกลิ่น, นงณภัทร รุ่งเนย, นภัส แก้ววิเชียร, เบญจพร สุธรรมชัย, วิชาญ เกิดวิชัย, ศุภสิทธิ์ พรรณารุโณทัย
246 31 ^aThe Evaluation of Intermediate Care for the Elderly in Thailand According to the Ministry of Public Health s Policy
250    พิมพ์ครั้งที่ 1
260    เพชรบุรี :^bวิทยาลัยพยาบาลพระจอมเกล้า จังหวัดเพชรบุรี ร่วมกับ กรมการแพทย์ กระทรวงสาธารณสุข และมูลนิธิศูนย์วิจัยและติดตามความเป็นธรรมทางสุขภาพ,^c2563
300    ก-ฒ,152 หน้า :^bภาพประกอบ ;^c30 ซม.
650  4 ^aผู้สูงอายุ^zไทย
650  4 ^aผู้สูงอายุ^xการดูแล
650  4 ^aการดูแลสุขภาพระยะกลาง
650  4 ^aข้อเสนอเชิงนโนบาย
650  4 ^aวิจัย
700 0  ^aนงณภัทร รุ่งเนย
700 0  ^aนภัส แก้ววิเชียร
700 0  ^aเบญจพร สุธรรมชัย
700 0  ^aวิชาญ เกิดวิชัย
700 0  ^aศุภสิทธิ์ พรรณารุโณทัย
710 2  ^aจังหวัดเพชรบุรี. วิทยาลัยพยาบาลพระจอมเกล้า
710 2  ^aกระทรวงสาธารณสุข. กรมการแพทย์
710 2  ^aสถาบันวิจัยระบบสาธารณสุข
710 2  ^aมูลนิธิศูนย์วิจัยและติดตามความเป็นธรรมทางสุขภาพ
999    ^aใช้งานได้ทุกระบบ
รายการนี้ยังไม่มีแท็ก
คุณยังไม่ได้ล็อกอิน คุณสามารถมีกิจกรรมร่วมกับเว็บไซต์ได้ แต่ต้องล็อกอินก่อน ::
  ล็อกอิน
ลำดับที่ ประเภท เลขเรียก สถานที่ สถานะ
1. หนังสือทั่วไป
หนังสือทั่วไป
WT 100 ธ468ก 2563  
  
การพยาบาลผู้สูงอายุ On Shelf
  ขอยืม
   [แสดง 1/1 รายการ]

รายการใกล้เคียง
    ผู้แต่ง [ธัญพร ชื่นกลิ่น]

    หัวเรื่อง [ผู้สูงอายุ ไทย]
    หัวเรื่อง [ผู้สูงอายุ การดูแล]
    หัวเรื่อง [วิจัย]

BibComment


ยังไม่เคยถูกคอมเมนท์

คอมเมนท์ทรัพยากรรายการนี้
  คอมเมนท์: การประเมินผลการดู..
Bib 213135

 
 
 

 Union Library Management : ULibM
Copyright 2026. All Rights Reserved.
скачать бесплатно без регистрации порно красивый секс HD Sex Hindi sex

xxx gou

xxxx

bfxxx

xxxwww

Секса Видео

xxxx

Секса Видео

detube

geilexxx

C99 Shell

worms shell

blod xxx video
Ebony Coed Rihanna Rimes Takes A Dick In Her Young Twat priyaa indian fuck anal and pusssy hardcore indian women xxx desi hardcore fucking part 1 bengalixxxcouple